[Event "Africa-chT 8th"]
[Site "Abuja"]
[Date "2003.10.08"]
[Round "5"]
[White "Alberto, Manuel"]
[Black "Mbambara, Tizenge"]
[Result "0-1"]
[WhiteElo "2110"]
[BlackElo "2100"]
[PlyCount "112"]
[EventDate "2003.10.05"]
[EventType "team-tourn (rapid)"]
[EventRounds "11"]
[EventCountry "NGR"]
[SourceTitle "CBM 096 Extra"]
[Source "ChessBase"]
[SourceDate "2003.10.22"]
[SourceVersion "2"]
[SourceVersionDate "2003.10.20"]
[SourceQuality "1"]
[WhiteTeam "Angola"]
[BlackTeam "Zambia"]
[WhiteTeamCountry "ANG"]
[BlackTeamCountry "ZAM"]

1. Nf3 d6 2. c4 c6 3. Nc3 Nf6 4. e4 e5 5. d4 Qa5 6. Qc2 Be7 7. Be2 Nbd7 8. 0-0 0-0 9. a3 Qc7 10. b4 b6 11. Bb2 Re8 12. Rac1 Nf8 13. d5 c5 14. Nb5 Qd8 15. bxc5 bxc5 16. Nd2 Ng6 17. g3 Bh3 18. Rfe1 a6 19. Nc3 Qd7 20. Na4 Rab8 21. Rb1 Rb7 22. Bc3 Reb8 23. f3 Qe8 24. Rxb7 Rxb7 25. Rb1 Rxb1+ 26. Nxb1 Bd8 27. Qb3 Bc7 28. Nd2 Qd8 29. Qb7 Bc8 30. Qa8 Ne7 31. Nb3 h5 32. h4 Kh7 33. Kf2 Qd7 34. Bf1 Qxa4 35. Nc1 Qxa3 36. Ne2 Qa2 37. Qa7 Ne8 38. Be1 Qb2 39. Ba5 Qb7 40. Qxb7 Bxb7 41. Bd2 a5 42. Nc3 Ba6 43. Na4 f5 44. Bg5 Nf6 45. exf5 Bc8 46. g4 hxg4 47. fxg4 Nxg4+ 48. Kg3 Nf6 49. Nc3 Nxf5+ 50. Kf2 Nd4 51. Bd3+ Bf5 52. Bf1 Ne4+ 53. Nxe4 Bxe4 54. Bh3 a4 55. Bc1 Nc2 56. Bd7 a3 0-1

[Event "Olympiad-35"]
[Site "Bled"]
[Date "2002.11.10"]
[Round "14.4"]
[White "Mbambara, Tizenge"]
[Black "Espinosa Flores, Rafael Emilio"]
[Result "0-1"]
[WhiteElo "2097"]
[BlackElo "2414"]
[PlyCount "62"]
[EventDate "2002.10.26"]
[EventType "team-swiss"]
[EventRounds "14"]
[EventCountry "SLO"]
[SourceTitle "EXT 2003"]
[Source "ChessBase"]
[SourceDate "2002.11.25"]
[SourceVersion "1"]
[SourceVersionDate "2002.11.25"]
[SourceQuality "1"]
[WhiteTeam "Zambia"]
[BlackTeam "Mexico"]
[WhiteTeamCountry "ZAM"]
[BlackTeamCountry "MEX"]

1. d4 Nf6 2. Nf3 e6 3. c4 c5 4. Nc3 cxd4 5. Nxd4 Bb4 6. Bd2 0-0 7. e3 Nc6 8. Nb3 d5 9. a3 Bd6 10. cxd5 exd5 11. Be2 a6 12. Qc2 Re8 13. Rd1 Be6 14. Nd4 Rc8 15. f3 Qc7 16. Nxe6 Rxe6 17. Bc1 Ne7 18. g3 g6 19. Rd3 Bc5 20. Na4 Bb4+ 21. Nc3 Ba5 22. 0-0 Nf5 23. Bd1 Bb6 24. Qf2 Rce8 25. Ba4 Nxe3 26. Bxe3 Rxe3 27. Kg2 Rxd3 28. Qc2 Ree3 29. Qb3 Rd2+ 30. Kh1 Ng4 31. fxg4 Rxh2+ 0-1

[Event "Olympiad-35"]
[Site "Bled"]
[Date "2002.10.30"]
[Round "5.3"]
[White "Mbambara, Tizenge"]
[Black "Rama, Lorenc"]
[Result "0-1"]
[WhiteElo "2097"]
[BlackElo "2348"]
[PlyCount "84"]
[EventDate "2002.10.26"]
[EventType "team-swiss"]
[EventRounds "14"]
[EventCountry "SLO"]
[SourceTitle "EXT 2003"]
[Source "ChessBase"]
[SourceDate "2002.11.25"]
[SourceVersion "1"]
[SourceVersionDate "2002.11.25"]
[SourceQuality "1"]
[WhiteTeam "Zambia"]
[BlackTeam "Albania"]
[WhiteTeamCountry "ZAM"]
[BlackTeamCountry "ALB"]

1. d4 Nf6 2. c4 g6 3. Nc3 Bg7 4. e4 d6 5. Nf3 0-0 6. Be2 e5 7. 0-0 Nh5 8. Re1 Nf4 9. dxe5 dxe5 10. Bxf4 exf4 11. Qxd8 Rxd8 12. Nd5 Na6 13. Rad1 Bg4 14. Nxf4 Bxb2 15. Rxd8+ Rxd8 16. Nd3 Ba3 17. Rb1 Bxf3 18. gxf3 b6 19. Rb3 Bf8 20. Kg2 Nb8 21. Rb5 c5 22. Rb2 Bh6 23. Bf1 Nc6 24. a4 Rd4 25. Rc2 Na5 26. Nb2 Kg7 27. Be2 Kf6 28. Nd1 Rd2 29. Rxd2 Bxd2 30. Ne3 Ke5 31. Nc2 Nc6 32. Bf1 Nb4 33. Ne3 Kd4 34. Nd5 Nxd5 35. exd5 Bf4 36. Kh3 h5 37. Kh4 Kc3 38. Bh3 Kxc4 39. Be6 fxe6 40. dxe6 Bd6 41. Kg5 Kd5 42. Kxg6 Ke5 0-1

[Event "Olympiad-35"]
[Site "Bled"]
[Date "2002.10.29"]
[Round "4.3"]
[White "Cruz Estrada, Filemon"]
[Black "Mbambara, Tizenge"]
[Result "0-1"]
[WhiteElo "2363"]
[BlackElo "2097"]
[PlyCount "88"]
[EventDate "2002.10.26"]
[EventType "team-swiss"]
[EventRounds "14"]
[EventCountry "SLO"]
[SourceTitle "EXT 2003"]
[Source "ChessBase"]
[SourceDate "2002.11.25"]
[SourceVersion "1"]
[SourceVersionDate "2002.11.25"]
[SourceQuality "1"]
[WhiteTeam "Peru"]
[BlackTeam "Zambia"]
[WhiteTeamCountry "PER"]
[BlackTeamCountry "ZAM"]

1. d4 Nf6 2. Nf3 g6 3. c4 Bg7 4. Nc3 0-0 5. e4 d6 6. Be2 e5 7. 0-0 Nc6 8. d5 Ne7 9. b4 Ne8 10. Nd2 f5 11. f3 f4 12. a4 g5 13. a5 Ng6 14. c5 h5 15. Nc4 Rf7 16. Ba3 Bf8 17. b5 Rg7 18. b6 cxb6 19. axb6 g4 20. fxg4 hxg4 21. Bxg4 Nh4 22. Bf3 Qg5 23. Ra2 dxc5 24. Na4 Bd7 25. Kh1 Bb5 26. Qb3 Nd6 27. Nxd6 Bxf1 28. Nf5 Nxf5 29. exf5 axb6 30. Qc2 c4 31. Bxf8 Rxf8 32. d6 Bd3 33. Bd5+ Kh8 34. Qc3 Qxf5 35. Nxb6 Be4 36. Ra1 Bxd5 37. Nxd5 Qg6 38. Qh3+ Rh7 39. Qa3 Rg8 40. Rg1 Qg3 41. Qxg3 fxg3 42. Rd1 Rd8 43. Nb6 Rxh2+ 44. Kg1 Rh4 0-1

[Event "Olympiad-35"]
[Site "Bled"]
[Date "2002.10.26"]
[Round "1.4"]
[White "Arapovic, Vitomir"]
[Black "Mbambara, Tizenge"]
[Result "1-0"]
[WhiteElo "2438"]
[BlackElo "2097"]
[PlyCount "67"]
[EventDate "2002.10.26"]
[EventType "team-swiss"]
[EventRounds "14"]
[EventCountry "SLO"]
[SourceTitle "EXT 2003"]
[Source "ChessBase"]
[SourceDate "2002.11.25"]
[SourceVersion "1"]
[SourceVersionDate "2002.11.25"]
[SourceQuality "1"]
[WhiteTeam "Bosnia&Herzegovina"]
[BlackTeam "Zambia"]
[WhiteTeamCountry "BIH"]
[BlackTeamCountry "ZAM"]

1. e4 c6 2. Nc3 d5 3. Nf3 dxe4 4. Nxe4 Bf5 5. Ng3 Bg6 6. h4 h6 7. Ne5 Qd6 8. d4 Nd7 9. Nxg6 Qxg6 10. Bf4 Ngf6 11. Be2 Nd5 12. Bd2 e6 13. c4 Nb4 14. 0-0 Qc2 15. Bxb4 Qxd1 16. Rfxd1 Bxb4 17. d5 exd5 18. cxd5 c5 19. Rac1 0-0 20. Nf5 a6 21. d6 Rfd8 22. Rc4 Re8 23. Rc2 Kf8 24. Bf3 Rab8 25. Ne7 g6 26. a3 Ba5 27. Bg4 Red8 28. h5 Kg7 29. hxg6 fxg6 30. b4 Nf6 31. bxa5 Nxg4 32. Rxc5 Rd7 33. Nc8 Rf7 34. d7 1-0

[Event "Olympiad-34"]
[Site "Istanbul"]
[Date "2000.11.12"]
[Round "14.4"]
[White "Chuah, Jin Jonathan Hai"]
[Black "Mbambara, Tizenge"]
[Result "1-0"]
[WhiteElo "2180"]
[BlackElo "2122"]
[PlyCount "157"]
[EventDate "2000.10.28"]
[EventType "team-swiss"]
[EventRounds "14"]
[EventCountry "TUR"]
[SourceTitle "EXT 2001"]
[Source "ChessBase"]
[SourceDate "2000.11.22"]
[SourceVersion "1"]
[SourceVersionDate "2000.11.22"]
[SourceQuality "1"]
[WhiteTeam "Malaysia"]
[BlackTeam "Zambia"]
[WhiteTeamCountry "MAS"]
[BlackTeamCountry "ZAM"]

1. e4 d6 2. d4 Nf6 3. Nc3 c6 4. Bd3 e5 5. Nge2 Be7 6. Be3 Nbd7 7. Ng3 Nf8 8. f3 Qb6 9. Na4 Qa5+ 10. c3 b5 11. dxe5 dxe5 12. Nc5 Qb6 13. b4 a5 14. Qe2 Qb8 15. 0-0 axb4 16. cxb4 g6 17. f4 Ne6 18. Nxe6 Bxe6 19. Qb2 Ng4 20. Bc1 Qd6 21. Qc3 Bd8 22. fxe5 Bb6+ 23. Kh1 Qd7 24. Bb2 Nf2+ 25. Rxf2 Bxf2 26. Ne2 0-0 27. Rf1 Rfd8 28. Bc2 Bb6 29. Bc1 Rxa2 30. Bg5 Rxc2 31. Qxc2 Qd3 32. Qxd3 Rxd3 33. Nf4 Rd7 34. Nxe6 fxe6 35. h3 Bc7 36. Bf6 Bb6 37. Rc1 Kf7 38. Rxc6 Rd1+ 39. Kh2 Bg1+ 40. Kg3 Rd3+ 41. Kh4 h6 42. Rc7+ Ke8 43. Rc8+ Kf7 44. Rc7+ Ke8 45. Kg4 Bf2 46. h4 Be1 47. Re7+ Kf8 48. Rxe6 Rg3+ 49. Kf4 Rxg2 50. Rb6 Bxb4 51. Rxb5 Rb2 52. Kf3 Rb3+ 53. Ke2 Kf7 54. Rb7+ Ke6 55. Kd1 Rb2 56. Kc1 Rb3 57. Kc2 Rc3+ 58. Kb2 Rc4 59. Kb3 Rxe4 60. Rxb4 Re3+ 61. Kc2 g5 62. hxg5 hxg5 63. Rg4 Ra3 64. Rxg5 Ra2+ 65. Kb3 Re2 66. Kc4 Re4+ 67. Kc5 Re1 68. Rg7 Rc1+ 69. Kb6 Rc2 70. Kb7 Rc1 71. Re7+ Kf5 72. Rc7 Rd1 73. Kc8 Ke6 74. Re7+ Kf5 75. Rd7 Rc1+ 76. Kd8 Ra1 77. Ke7 Ra6 78. Kf7 Re6 79. Rd6 1-0

[Event "Olympiad-34"]
[Site "Istanbul"]
[Date "2000.11.10"]
[Round "13.4"]
[White "Mbambara, Tizenge"]
[Black "Polak, Tomas"]
[Result "0-1"]
[WhiteElo "2122"]
[BlackElo "2499"]
[PlyCount "58"]
[EventDate "2000.10.28"]
[EventType "team-swiss"]
[EventRounds "14"]
[EventCountry "TUR"]
[SourceTitle "EXT 2001"]
[Source "ChessBase"]
[SourceDate "2000.11.22"]
[SourceVersion "1"]
[SourceVersionDate "2000.11.22"]
[SourceQuality "1"]
[WhiteTeam "Zambia"]
[BlackTeam "Czech Republic"]
[WhiteTeamCountry "ZAM"]
[BlackTeamCountry "CZE"]

1. Nf3 Nf6 2. c4 e6 3. g3 b6 4. Bg2 Bb7 5. Nc3 Be7 6. 0-0 0-0 7. d4 d5 8. Nh4 Ne4 9. Bxe4 dxe4 10. Ng2 Bf6 11. e3 Na6 12. a3 c5 13. Ne2 Qc7 14. Qc2 Rac8 15. b3 b5 16. Rb1 bxc4 17. Qxc4 Qb6 18. Qa4 Bc6 19. dxc5 Nxc5 20. Qb4 Bb5 21. Qd2 Rfd8 22. Qa2 Qa6 23. Re1 Nd3 24. Nd4 Nxe1 25. Nxe1 Bd3 26. Ra1 e5 27. Nf5 Qe6 28. Nxd3 Rxd3 29. g4 Rd1+ 0-1

[Event "Olympiad-34"]
[Site "Istanbul"]
[Date "2000.10.28"]
[Round "1.4"]
[White "Cramling, Pia"]
[Black "Mbambara, Tizenge"]
[Result "1/2-1/2"]
[WhiteElo "2484"]
[BlackElo "2122"]
[PlyCount "108"]
[EventDate "2000.10.28"]
[EventType "team-swiss"]
[EventRounds "14"]
[EventCountry "TUR"]
[SourceTitle "EXT 2001"]
[Source "ChessBase"]
[SourceDate "2000.11.22"]
[SourceVersion "1"]
[SourceVersionDate "2000.11.22"]
[SourceQuality "1"]
[WhiteTeam "Sweden"]
[BlackTeam "Zambia"]
[WhiteTeamCountry "SWE"]
[BlackTeamCountry "ZAM"]

1. d4 d5 2. Nf3 Nf6 3. c4 c6 4. e3 e6 5. Nbd2 Nbd7 6. b3 Bb4 7. Bb2 Ne4 8. Bd3 f5 9. 0-0 0-0 10. a3 Bd6 11. b4 Qf6 12. Qe2 g5 13. Ne1 Qh6 14. g3 Ndf6 15. f3 Nxd2 16. Qxd2 g4 17. Ng2 Bd7 18. fxg4 Nxg4 19. Nf4 Kh8 20. Rae1 Rg8 21. Rf3 Rae8 22. Re2 Re7 23. Bc3 Be8 24. Rg2 Nf6 25. Rf1 Bd7 26. Qc1 Reg7 27. Rf3 Ng4 28. Qe1 Be8 29. Rf1 Bf7 30. Bb2 Qg5 31. Bc1 Qd8 32. Bb2 h5 33. h4 Nf6 34. c5 Bc7 35. a4 Ng4 36. Bc2 Qd7 37. Bd3 Nf6 38. Rf3 Ne4 39. Bxe4 fxe4 40. Rf1 Rg4 41. Bc3 Bxf4 42. Rxf4 Rxf4 43. gxf4 Rxg2+ 44. Kxg2 a6 45. Qg3 Kh7 46. Qg5 Bg6 47. f5 exf5 48. Be1 f4 49. Qxf4 Qf5 50. Bg3 Qxf4 51. Bxf4 Kg7 52. Be5+ Kf7 53. Kg3 Ke6 54. Kf4 Bf5 1/2-1/2